000
00275nam a2200109Ia 4500
005
20251222153548.0
008
251222s9999||||xx |||||||||||||| ||spa||
082
_a
868.6/M26F
100
_a
"Marañón, Gregorio"
245
0
_a
Efemérides y comentarios: 1952-1954
942
_c
LIB
999
_c
30719
_d
30719